=LDR 00000nam 2200000 4500 =001 INLIS000000000026669 =005 20230315114346 =035 ##$$a 0010-061300000026669 =008 230315################g##########0#ind## =041 ##$$a ind =082 ##$$a 028.5 =090 ##$$a 028.5, RAH k =100 ##$$a Rahimsyah. AR, MB =245 1#$$a Kisah Nabi Hud, MB. Rahimsyah AR =250 ##$$a Seri Kisah teladan 25 nabi dan Rasul =260 ##$$a [200?] :$b Surabaya =300 ##$$a 16 hlm., ilus., 16 cm =650 #4$$a Bacaan Anak-anak =850 ##$$a NBPNMAT =084 ##$$a 028.5 RAH k =990 ##$$a 07870787 =990 ##$$a 20702682